000 00476nam a2200169Ia 4500
999 _c36251
_d36251
003 OSt
005 20201218113740.0
008 190216s9999||||xx |||||||||||||| ||und||
020 _a9780140512007
040 _coclc
082 _a423
_bBRY/D
100 _a Bryson, Bill
_97668
245 0 _aDictionary Of Troublesome Words /
_cBill Bryson
260 _bPenguin Books,
_c1987.
_aEngland:
300 _a192p
942 _cREF
_2ddc
_h423
_iBRY/D
_k423
_mBRY/D